[Event "Puchong op 6th"]
[Site "Puchong"]
[Date "2019.08.25"]
[Round "4"]
[White "Nordin, Muhd Syamsul Arif"]
[Black "Anoop Singh, Harmahinder Singh"]
[Result "1-0"]
[WhiteElo "1544"]
[BlackElo "1246"]
[PlyCount "57"]
[EventDate "2019.08.24"]
[EventType "swiss"]
[EventRounds "6"]
[EventCountry "MAS"]
[SourceTitle "EXT 2020"]
[Source "ChessBase"]
[SourceDate "2019.10.17"]
[SourceVersion "1"]
[SourceVersionDate "2019.10.17"]
[SourceQuality "1"]

1. e4 e5 2. Nf3 Nc6 3. Bc4 Bc5 4. d3 Nf6 5. Bg5 h6 6. Bh4 d6 7. h3 Na5 8. Nc3 Nxc4 9. dxc4 c6 10. a3 a5 11. Qe2 Be6 12. Rd1 g5 13. Bg3 Qe7 14. Na4 Ba7 15. c5 dxc5 16. Bxe5 Rd8 17. 0-0 0-0 18. Nc3 b5 19. b3 c4 20. b4 a4 21. Bh2 Kg7 22. Ne5 Rxd1 23. Rxd1 Bb8 24. Kh1 Qc7 25. f4 gxf4 26. Bxf4 Nd7 27. Ng6 Qb6 28. Nxf8 Bxf4 29. Nxe6+ 1-0

[Event "Puchong op 6th"]
[Site "Puchong"]
[Date "2019.08.24"]
[Round "2"]
[White "Nordin, Muhd Syamsul Arif"]
[Black "Dwitama, Gelar Sagara"]
[Result "0-1"]
[WhiteElo "1544"]
[BlackElo "1986"]
[PlyCount "62"]
[EventDate "2019.08.24"]
[EventType "swiss"]
[EventRounds "6"]
[EventCountry "MAS"]
[SourceTitle "EXT 2020"]
[Source "ChessBase"]
[SourceDate "2019.10.17"]
[SourceVersion "1"]
[SourceVersionDate "2019.10.17"]
[SourceQuality "1"]

1. d4 Nf6 2. c4 e6 3. Nf3 b6 4. g3 Bb7 5. Bg2 Bb4+ 6. Bd2 a5 7. 0-0 0-0 8. a3 Be7 9. Nc3 Na6 10. Re1 Ne4 11. Nxe4 Bxe4 12. Bc3 d6 13. b4 axb4 14. axb4 c5 15. b5 Nb4 16. Rxa8 Qxa8 17. Qd2 d5 18. dxc5 bxc5 19. Qb2 g6 20. Bg7 Re8 21. Ra1 Qb7 22. b6 d4 23. Ra7 Qxb6 24. Rxe7 Rxe7 25. Bf6 Re8 26. Ne5 Bxg2 27. Qd2 Nd5 28. cxd5 Bh3 29. Qc1 exd5 30. f4 Qxf6 31. Qxc5 Rxe5 0-1